[Event "79th ch-ESP 2014"]
[Site "Linares ESP"]
[Date "2014.08.29"]
[Round "5.11"]
[White "Sanchez Barbado, Carlos"]
[Black "Teran Alvarez, Ismael"]
[Result "0-1"]
[BlackTitle "IM"]
[WhiteElo "2249"]
[BlackElo "2388"]
[WhiteFideId "2273012"]
[BlackFideId "2204177"]
[EventDate "2014.08.25"]

1. e4 c5 2. Nc3 a6 3. f4 b5 4. g3 Bb7 5. Bg2 e6 6. d3 d5 7. Nf3 Nf6 8. e5 Nfd7
9. O-O Nc6 10. Ne2 Be7 11. Be3 d4 12. Bf2 Nb6 13. Qd2 Qd7 14. g4 h5 15. h3 hxg4
16. hxg4 O-O-O 17. Ng3 Nd5 18. Ne4 f6 19. Rae1 fxe5 20. fxe5 Rdf8 21. c3 Nf4 22.
Bg3 Nxg2 23. Kxg2 Qd5 24. a4 Rd8 25. axb5 axb5 26. Rd1 c4 27. Qe2 Na5 28. Rfe1
dxc3 29. Nxc3 Qc6 30. d4 Nb3 31. Bf2 Rdf8 32. d5 exd5 33. Nxd5 Qxd5 34. Rxd5
Bxd5 35. Qe3 Rxf3 36. Qa7 Re3+ 0-1

[Event "79th ch-ESP 2014"]
[Site "Linares ESP"]
[Date "2014.08.29"]
[Round "5.12"]
[White "Pallardo Lozoya, Jose Vicente"]
[Black "Navarro Lopez-Menchero, Daniel"]
[Result "1/2-1/2"]
[WhiteTitle "FM"]
[BlackTitle "FM"]
[WhiteElo "2387"]
[BlackElo "2135"]
[WhiteFideId "2230380"]
[BlackFideId "2297370"]
[EventDate "2014.08.25"]

1. e4 c5 2. g3 d5 3. exd5 Qxd5 4. Nf3 Bg4 5. Bg2 Qe6+ 6. Kf1 Bh3 7. d4 cxd4 8.
Nxd4 Qa6+ 9. Kg1 Bxg2 10. Kxg2 Nc6 11. Nxc6 Qxc6+ 12. Qf3 Rc8 13. Be3 a6 14.
Qxc6+ Rxc6 15. Nd2 Nf6 16. c4 e6 17. Rac1 Be7 18. Nb3 Nd7 19. Rhd1 b6 20. Rc2
Ne5 21. Bd4 Bf6 22. Nd2 Nd7 23. Ne4 Bxd4 24. Rxd4 Ke7 25. Rcd2 Nf6 26. Nxf6 Kxf6
27. b3 Rc7 28. Rd7 Rhc8 29. Kf3 b5 30. Rxc7 Rxc7 31. cxb5 axb5 32. Ke3 g5 33. a4
bxa4 34. bxa4 Ra7 35. Ra2 Ke5 36. a5 Ra6 37. Kd3 Kd5 38. Rb2 Rxa5 39. Rb7 f5 1/2-1/2

[Event "79th ch-ESP 2014"]
[Site "Linares ESP"]
[Date "2014.08.29"]
[Round "5.13"]
[White "Sanchez Jerez, Emilio Miguel"]
[Black "Matnadze, Ana"]
[Result "0-1"]
[WhiteTitle "FM"]
[BlackTitle "IM"]
[WhiteElo "2232"]
[BlackElo "2385"]
[WhiteFideId "2256088"]
[BlackFideId "13601377"]
[EventDate "2014.08.25"]

1. e4 c5 2. Nf3 d6 3. d4 cxd4 4. Nxd4 Nf6 5. Nc3 Nc6 6. g3 g6 7. Bg2 Nxd4 8.
Qxd4 Bg7 9. O-O O-O 10. Qb4 Qc7 11. a4 Be6 12. a5 Rfd8 13. Nd5 Bxd5 14. exd5
Qxc2 15. Qxb7 Nd7 16. Bg5 Qxb2 17. a6 Nc5 18. Qxe7 Rd7 19. Qe3 Bd4 20. Qa3 Rb8
21. Qxb2 Rxb2 22. Rad1 Be5 23. Rfe1 Kg7 24. Bf1 f5 25. Be3 Bf6 26. Rb1 Kf7 27.
Rxb2 Bxb2 28. Rb1 Bf6 29. h4 Bd8 30. Bb5 Rc7 31. Be2 Rc8 32. Kg2 Bb6 33. h5 Na4
34. Bf4 Rc2 35. Bd3 Rxf2+ 36. Kh3 Kf6 37. hxg6 hxg6 38. Re1 Nc5 39. Be3 Nxd3 40.
Bxb6 axb6 41. Ra1 g5 42. g4 Nf4+ 43. Kg3 Rg2+ 44. Kf3 fxg4+ 45. Ke4 Re2+ 46. Kd4
Re8 47. Kc4 g3 48. Kb5 Nxd5 49. Kc6 Nb4+ 0-1

[Event "79th ch-ESP 2014"]
[Site "Linares ESP"]
[Date "2014.08.29"]
[Round "5.14"]
[White "Mora Menezo, Jesus"]
[Black "Espineira Gonzalez, Diego"]
[Result "0-1"]
[BlackTitle "IM"]
[WhiteElo "2196"]
[BlackElo "2360"]
[WhiteFideId "2228980"]
[BlackFideId "2229498"]
[EventDate "2014.08.25"]

1. e4 e6 2. d4 d5 3. Nc3 Bb4 4. e5 Ne7 5. Bd2 c5 6. Nb5 Bxd2+ 7. Qxd2 O-O 8. c3
f6 9. exf6 Rxf6 10. f4 a6 11. Na3 cxd4 12. cxd4 Nbc6 13. Nc2 Qb6 14. b3 Bd7 15.
Bd3 Be8 16. Ne2 Bh5 17. O-O Kh8 18. Rad1 Raf8 19. g3 e5 20. fxe5 Nxe5 21. Qe3
Nxd3 22. Qxe7 Re8 23. Qxe8+ Bxe8 24. Rxd3 Bg6 25. Rc3 h6 26. Ne3 Be4 27. Ng4
Rxf1+ 28. Kxf1 Qe6 29. Nf2 Bg2+ 30. Kxg2 Qxe2 31. a4 g5 32. g4 Kg8 33. Rf3 Qb2
34. Rd3 Kf7 35. h3 Ke6 36. Kf3 Kd6 37. Nd1 Qh2 38. Nf2 Kc6 39. Ke2 Kb6 40. Rc3
Qf4 41. Rd3 Ka5 42. Rd2 Qg3 43. Rd3 Qh2 44. Rf3 Kb4 45. Rd3 Qf4 46. Nd1 Ka3 47.
Nf2 b5 48. axb5 axb5 49. Nd1 b4 50. Nf2 Kb2 51. Nd1+ Kc1 52. Nf2 Kc2 53. Rf3
Qxd4 54. Nd3 Qe4+ 55. Re3 Qg2+ 56. Nf2 d4 57. Re4 d3+ 58. Ke3 Qg3+ 59. Kd4 0-1

[Event "79th ch-ESP 2014"]
[Site "Linares ESP"]
[Date "2014.08.29"]
[Round "5.15"]
[White "Alvarez Fernandez, Enrique"]
[Black "Navarrete Espi, Samuel"]
[Result "1-0"]
[WhiteTitle "FM"]
[WhiteElo "2355"]
[BlackElo "2245"]
[WhiteFideId "2227398"]
[BlackFideId "2237725"]
[EventDate "2014.08.25"]

1. d4 g6 2. e4 Bg7 3. Nc3 d6 4. Nf3 Nf6 5. Be2 O-O 6. O-O e5 7. dxe5 dxe5 8.
Qxd8 Rxd8 9. Bc4 Re8 10. Ng5 Rf8 11. f4 Nbd7 12. Nb5 Ne8 13. f5 gxf5 14. Rxf5 c6
15. Bxf7+ Rxf7 16. Nxf7 cxb5 17. Nh6+ Kh8 18. Be3 a5 19. Nf7+ Kg8 20. Nh6+ Bxh6
21. Bxh6 Ra6 22. Bd2 Nd6 23. Rg5+ Kf7 24. Rf1+ Ke6 25. Rh5 Nf6 26. Rh6 Nxe4 27.
Bg5 Kf7 28. Bxf6 Nxf6 29. Rxh7+ Kg6 30. Rh8 Bf5 31. Re1 e4 32. Rb8 Rc6 33. Rxb7
b4 34. Rc1 Rd6 35. Rb5 e3 36. Re1 Be4 37. h3 Bc6 38. Rxa5 Nd5 39. a3 Re6 40.
axb4 Nf4 41. Ra6 e2 42. Kf2 Rf6 43. Kg3 Nh5+ 44. Kh2 Nf4 45. g3 Nd5 46. Rxe2
Nxb4 47. Rb6 Nd5 48. Rb8 Rf1 49. Re6+ 1-0

[Event "79th ch-ESP 2014"]
[Site "Linares ESP"]
[Date "2014.08.29"]
[Round "5.16"]
[White "Garcia Vicente, Nieves"]
[Black "Anton Guijarro, David"]
[Result "0-1"]
[WhiteTitle "WIM"]
[BlackTitle "GM"]
[WhiteElo "2214"]
[BlackElo "2624"]
[WhiteFideId "2201542"]
[BlackFideId "2285525"]
[EventDate "2014.08.25"]

1. d4 Nf6 2. c4 e6 3. Nc3 Bb4 4. e3 O-O 5. Bd3 d5 6. Nf3 c5 7. O-O b6 8. a3 Bxc3
9. bxc3 dxc4 10. Bxc4 Bb7 11. Qe2 Qc7 12. Bb2 Nbd7 13. Bd3 Ne4 14. Nd2 Nxd2 15.
Qxd2 Rad8 16. Qc2 f5 17. f3 Rf6 18. Qf2 Rg6 19. Rad1 Nf6 20. Rfe1 Rf8 21. Bf1 c4
22. Ra1 Bd5 23. a4 Re8 24. Bc1 a6 25. Bd2 Rb8 26. Reb1 Qc6 27. Kh1 h5 28. Be2 h4
29. Qxh4 Kf7 30. Qf4 Rh8 31. Be1 Rh3 32. e4 fxe4 33. Rxb6 Qxb6 34. gxh3 Qb2 0-1

[Event "79th ch-ESP 2014"]
[Site "Linares ESP"]
[Date "2014.08.29"]
[Round "5.17"]
[White "Lopez Martinez, Josep Manuel"]
[Black "Shen, Yue"]
[Result "1-0"]
[WhiteTitle "GM"]
[WhiteElo "2549"]
[BlackElo "2266"]
[WhiteFideId "2212943"]
[BlackFideId "22251006"]
[EventDate "2014.08.25"]

1. d4 Nc6 2. Nf3 d6 3. e4 Nf6 4. Nc3 g6 5. Bb5 a6 6. Bxc6+ bxc6 7. Qe2 a5 8. Bg5
Nd7 9. O-O-O c5 10. e5 cxd4 11. Nb5 Nc5 12. Nfxd4 Ba6 13. exd6 cxd6 14. Rhe1 Qd7
15. Qf3 Rc8 16. Qf6 Ne6 17. Nxe6 exf6 18. Nec7+ Kd8 19. Bxf6+ Be7 20. Rxe7 Bxb5
21. Rxd7+ 1-0

[Event "79th ch-ESP 2014"]
[Site "Linares ESP"]
[Date "2014.08.29"]
[Round "5.18"]
[White "Barrenechea Bahamonde, Gustavo"]
[Black "Antoli Royo, Joaquin Miguel"]
[Result "0-1"]
[BlackTitle "IM"]
[WhiteElo "2124"]
[BlackElo "2428"]
[WhiteFideId "2254425"]
[BlackFideId "2259532"]
[EventDate "2014.08.25"]

1. e4 c5 2. d4 cxd4 3. c3 d3 4. Bxd3 d6 5. Nf3 Nf6 6. c4 Bg4 7. Nc3 g6 8. Be3
Bg7 9. h3 Bxf3 10. Qxf3 Nc6 11. Qe2 O-O 12. O-O Nd7 13. Rac1 Rc8 14. Kh1 Nc5 15.
Bb1 Qa5 16. Nd5 Qd8 17. f4 Nd7 18. Rcd1 a6 19. c5 Nxc5 20. Bxc5 dxc5 21. Nf6+
exf6 22. Rxd8 Rfxd8 23. f5 Ne5 24. a4 Rd4 25. Qc2 c4 26. Kh2 b5 27. Qc3 Rcd8 28.
b3 Rd1 29. Rxd1 Rxd1 30. Bc2 Rc1 31. Qd2 Bh6 32. Qxh6 Rxc2 33. Qe3 Kg7 34. a5
Rb2 35. Qb6 c3 36. Qxa6 c2 37. Qc8 Nd3 0-1

[Event "79th ch-ESP 2014"]
[Site "Linares ESP"]
[Date "2014.08.29"]
[Round "5.19"]
[White "Alexandrova, Olga"]
[Black "Silva Rodriguez, Fernando"]
[Result "1-0"]
[WhiteTitle "IM"]
[WhiteElo "2424"]
[BlackElo "2217"]
[WhiteFideId "14102463"]
[BlackFideId "2215268"]
[EventDate "2014.08.25"]

1. c4 e6 2. Nc3 d5 3. d4 Bb4 4. e3 Nf6 5. a3 Bxc3+ 6. bxc3 O-O 7. cxd5 exd5 8.
Bd3 b6 9. Ne2 c5 10. f3 Ba6 11. Bxa6 Nxa6 12. O-O Re8 13. Ng3 Nc7 14. Qd3 Qd7
15. e4 cxd4 16. cxd4 dxe4 17. fxe4 Ne6 18. Rxf6 gxf6 19. d5 Ng7 20. Bb2 Re5 21.
Bxe5 fxe5 22. Qc3 f6 23. Rc1 Rd8 24. h3 h5 25. Qf3 f5 26. Nxh5 fxe4 27. Nf6+ Kf7
28. Nxe4+ Kg6 29. Rc6+ 1-0

[Event "79th ch-ESP 2014"]
[Site "Linares ESP"]
[Date "2014.08.29"]
[Round "5.20"]
[White "Espinosa Aranda, Angel"]
[Black "Sanchez Dengra, Jose Maria"]
[Result "1-0"]
[WhiteTitle "IM"]
[WhiteElo "2385"]
[BlackElo "2134"]
[WhiteFideId "2278189"]
[BlackFideId "22245391"]
[EventDate "2014.08.25"]

1. e4 c5 2. Nf3 e6 3. c3 Nf6 4. e5 Nd5 5. g3 d6 6. exd6 Bxd6 7. Bg2 O-O 8. O-O
Nc6 9. d4 Re8 10. Re1 a6 11. Nbd2 cxd4 12. cxd4 b6 13. Nc4 Bb4 14. Bg5 f6 15.
Bd2 Bb7 16. Bxb4 Ndxb4 17. Qb3 Nd5 18. Bh3 f5 19. a4 g6 20. Bg2 Rb8 21. Re2 Na5
22. Nxa5 bxa5 23. Rae1 Nf6 24. Rxe6 Bd5 25. Rxe8+ Nxe8 26. Rxe8+ Qxe8 27. Qxd5+
Kg7 28. b3 Rc8 29. Qe5+ Qxe5 30. Nxe5 Rc1+ 31. Bf1 Rb1 32. Kg2 Rxb3 33. Bxa6 Rb4
34. Bb5 Rxd4 35. Nc6 Rd2 36. Nxa5 Kf6 37. Nc4 Ra2 38. a5 Ke6 39. Bc6 g5 40. Bb7
h5 41. a6 f4 42. gxf4 gxf4 43. Nb6 Kd6 44. a7 1-0

[Event "79th ch-ESP 2014"]
[Site "Linares ESP"]
[Date "2014.08.29"]
[Round "5.21"]
[White "Suarez Triguero, Jose Alfonso"]
[Black "Torres Ventosa, Pedro Eugenio"]
[Result "1/2-1/2"]
[BlackTitle "FM"]
[WhiteElo "2084"]
[BlackElo "2334"]
[WhiteFideId "2231204"]
[BlackFideId "2280663"]
[EventDate "2014.08.25"]

1. e4 d6 2. c4 c5 3. Ne2 e5 4. d3 Nc6 5. Nbc3 g6 6. g3 h5 7. h4 Bh6 8. Bg2 Bxc1
9. Rxc1 Nf6 10. Qd2 Bg4 11. f3 Bd7 12. Qg5 Nb4 13. Kd2 Kf8 14. f4 Ng4 15. Qxd8+
Rxd8 16. Rcf1 Nh6 17. fxe5 dxe5 18. Nd5 Nxd5 19. exd5 Ke7 20. a3 Nf5 21. b4 b6
22. Re1 Rhe8 23. Rhf1 Kf8 24. Be4 Kg7 25. Bxf5 gxf5 26. bxc5 bxc5 27. Rb1 Rb8
28. Nc3 Kg6 29. Ke3 e4 30. d4 cxd4+ 31. Kxd4 Rbd8 32. Rb7 a5 33. c5 f6 34. Rb6
Bc8 35. Ke3 Re5 36. Rd1 Kf7 37. Rc6 Rg8 38. Ne2 Re7 39. d6 Rb7 40. Rc7+ Rxc7 41.
dxc7 Ke7 42. c6 Be6 43. Rd8 Rxd8 44. cxd8=Q+ Kxd8 45. Nf4 Bf7 46. Kd4 Kc7 47.
Kc5 a4 48. Ne2 Be8 49. Nd4 e3 50. Ne6+ Kc8 51. Nd4 Kc7 52. Ne6+ Kc8 53. Nd4 Kc7 1/2-1/2

[Event "79th ch-ESP 2014"]
[Site "Linares ESP"]
[Date "2014.08.29"]
[Round "5.22"]
[White "Sanchez Saez, Francisco"]
[Black "Collado Barbas, Laura"]
[Result "0-1"]
[WhiteTitle "FM"]
[BlackTitle "WFM"]
[WhiteElo "2319"]
[BlackElo "2117"]
[WhiteFideId "2231743"]
[BlackFideId "2294907"]
[EventDate "2014.08.25"]

1. c4 e6 2. Nf3 d5 3. g3 Nf6 4. Bg2 Be7 5. O-O d4 6. e3 c5 7. exd4 cxd4 8. Re1
O-O 9. d3 Nc6 10. a3 a5 11. Ne5 Nxe5 12. Rxe5 Nd7 13. Re1 Nc5 14. Qc2 f6 15. Nd2
Bd7 16. b3 e5 17. Bb2 Bf5 18. Bf1 Ne6 19. Bg2 Qd7 20. Ne4 Bg6 21. Qe2 Rae8 22.
f3 b5 23. Reb1 f5 24. Nf2 Bd6 25. Bc1 bxc4 26. bxc4 Nc5 27. Rb5 a4 28. Rab1 Nb3
29. Qc2 Rc8 30. R1xb3 axb3 31. Qxb3 Rb8 32. a4 Qa7 33. Bb2 Be8 34. f4 Bxb5 35.
axb5 Kh8 36. Nh3 exf4 37. gxf4 Rfe8 38. Kf2 Qe7 39. Bxd4 Qe1+ 40. Kf3 Qe2+ 41.
Kg3 Bf8 42. Qd1 Ra8 43. Ng1 0-1

[Event "79th ch-ESP 2014"]
[Site "Linares ESP"]
[Date "2014.08.29"]
[Round "5.23"]
[White "Santos Ruiz, Miguel"]
[Black "Meco Benitez, Jose Luis"]
[Result "1-0"]
[WhiteTitle "FM"]
[WhiteElo "2306"]
[BlackElo "2028"]
[WhiteFideId "22291482"]
[BlackFideId "2266369"]
[EventDate "2014.08.25"]

1. Nf3 Nc6 2. d4 d5 3. Nbd2 Bf5 4. a3 e6 5. e3 a6 6. c4 Be7 7. b4 Nf6 8. Be2 h6
9. Bb2 O-O 10. O-O Bh7 11. Rc1 Nb8 12. Nb3 Nbd7 13. Na5 Qb8 14. c5 c6 15. Ne1
Bd8 16. Nb3 Bc7 17. h3 e5 18. dxe5 Nxe5 19. Nf3 Ne4 20. Nxe5 Bxe5 21. Bd4 Bh2+
22. Kh1 Be5 23. Na5 f6 24. Bd3 Qc7 25. Bxe4 Bxe4 26. Bxe5 fxe5 27. Qe2 Rf6 28.
f3 Bg6 29. e4 Bf7 30. exd5 Bxd5 31. Nc4 Bxc4 32. Rxc4 a5 33. Re4 axb4 34. axb4
Rf4 35. Re1 Raf8 36. Qa2+ Kh8 37. Qb2 Rxe4 38. Rxe4 Rf5 39. Qc3 Qe7 40. Qe3 Qf6
41. Kg1 Rf4 42. Rxe5 Rxb4 43. Re8+ Kh7 44. Qd3+ 1-0

[Event "79th ch-ESP 2014"]
[Site "Linares ESP"]
[Date "2014.08.29"]
[Round "5.24"]
[White "Gavilan Diaz, Mario"]
[Black "Domingo Nunez, Alejandro"]
[Result "1-0"]
[WhiteTitle "FM"]
[WhiteElo "2291"]
[BlackElo "2023"]
[WhiteFideId "2260905"]
[BlackFideId "22245561"]
[EventDate "2014.08.25"]

1. d4 Nf6 2. c4 c5 3. d5 b5 4. cxb5 a6 5. b6 d6 6. Nc3 Qxb6 7. Nf3 g6 8. Nd2 Bg7
9. e4 O-O 10. Be2 Nbd7 11. a4 a5 12. O-O Ne8 13. Ra3 Ba6 14. Nb5 Bxb5 15. axb5
Nc7 16. Nc4 Qxb5 17. Ne5 Nxe5 18. Bxb5 Nxb5 19. Ra4 Rfb8 20. Be3 Nd7 21. Qd2 Nb6
22. Rxa5 Rxa5 23. Qxa5 Nc4 24. Qa2 Nxb2 25. Rb1 Nd3 26. Qa7 1-0

[Event "79th ch-ESP 2014"]
[Site "Linares ESP"]
[Date "2014.08.29"]
[Round "5.25"]
[White "Sacristan Latorre, Alberto"]
[Black "Gonzalez De La Torre, Santiago"]
[Result "0-1"]
[BlackTitle "IM"]
[WhiteElo "2066"]
[BlackElo "2466"]
[WhiteFideId "22201211"]
[BlackFideId "2221667"]
[EventDate "2014.08.25"]

1. e4 c5 2. Ne2 e6 3. d4 cxd4 4. Nxd4 a6 5. Bd3 Bc5 6. Nb3 Be7 7. Nc3 d6 8. O-O
Nd7 9. a4 b6 10. f4 Ngf6 11. Qe2 Qc7 12. Be3 Bb7 13. Rae1 O-O 14. h3 d5 15. exd5
Nxd5 16. Nxd5 Bxd5 17. Bd4 Bf6 18. Bxf6 Nxf6 19. Qe5 Qc6 20. Nd4 Qxa4 21. Ra1
Qb4 22. Bxa6 Ne4 23. Nf3 Ng3 24. Rfd1 Bxf3 25. gxf3 g6 26. b3 Nh5 27. Ra4 Qe7
28. Qg5 Qc7 29. Rc4 Qb8 30. Bb5 Ra5 31. Rd7 e5 32. Bc6 Nxf4 33. Kh2 e4 34. Qg3
Rh5 35. h4 g5 36. Rxe4 Rxh4+ 37. Kg1 Ne2+ 0-1

[Event "79th ch-ESP 2014"]
[Site "Linares ESP"]
[Date "2014.08.29"]
[Round "5.26"]
[White "Arroyo Rodriguez, Jesus"]
[Black "Romero Berruezo, Francisco"]
[Result "1-0"]
[WhiteElo "2064"]
[BlackElo "2211"]
[WhiteFideId "2277760"]
[BlackFideId "2224500"]
[EventDate "2014.08.25"]

1. e4 c5 2. Nf3 e6 3. d4 cxd4 4. Nxd4 a6 5. c4 Nf6 6. Nc3 Qc7 7. a3 b6 8. Be3
Bb7 9. f3 Be7 10. Be2 d6 11. Rc1 Nbd7 12. O-O O-O 13. b4 Rac8 14. Qd2 Rfe8 15.
Rc2 Qb8 16. Rb1 Bd8 17. Kh1 Bc7 18. Bg1 Ne5 19. Na4 Ng6 20. c5 dxc5 21. bxc5 Bf4
22. Qe1 b5 23. c6 Ba8 24. Nc5 Bxc6 25. Nxa6 Qa8 26. Nxc6 Qxa6 27. Bxb5 Qxa3 28.
Qe2 Rc7 29. g3 Bh6 30. Bc5 Qa8 31. Bd6 Rb7 32. h4 e5 33. Kg2 Nh5 34. Qf1 Kh8 35.
Ra1 Qc8 36. Nd4 Qd8 37. Nf5 Rg8 38. Bc6 Rb3 39. Qc4 Re3 40. Qxf7 Qb6 41. Qxg8+
Kxg8 42. Bd5+ 1-0

[Event "79th ch-ESP 2014"]
[Site "Linares ESP"]
[Date "2014.08.29"]
[Round "5.27"]
[White "Silva Rodriguez, Julio"]
[Black "Ruperez Benito, Antonio"]
[Result "1-0"]
[WhiteElo "2210"]
[BlackElo "2018"]
[WhiteFideId "2215284"]
[BlackFideId "22245049"]
[EventDate "2014.08.25"]

1. e4 e6 2. d4 d5 3. Nd2 Nf6 4. e5 Nfd7 5. Bd3 c5 6. c3 Nc6 7. Ngf3 Qb6 8. O-O
cxd4 9. cxd4 Nxd4 10. Nxd4 Qxd4 11. Nf3 Qb6 12. Rb1 a5 13. a3 a4 14. Bc2 Qa6 15.
Qd4 Qc4 16. Qd1 Qa6 17. Re1 h6 18. Nd4 Bc5 19. Be3 Bxd4 20. Bxd4 b6 21. Qg4 g5
22. Re3 Nc5 23. Rc3 Bd7 24. Qf3 Nb3 25. Bxb3 axb3 26. Rxb3 Rc8 27. Rc3 Rc4 28.
Qf6 Rg8 29. Rxc4 dxc4 30. Bc3 Bc6 31. Bb4 Qb7 32. Rd1 Bd5 33. Qxh6 Be4 34. Qf6
Bd5 35. Qh6 Rg6 36. Qf8+ 1-0

[Event "79th ch-ESP 2014"]
[Site "Linares ESP"]
[Date "2014.08.29"]
[Round "5.28"]
[White "Pozanco Romasanta, Marc"]
[Black "Martinez Lopez, David"]
[Result "0-1"]
[WhiteElo "2061"]
[BlackElo "2209"]
[WhiteFideId "2255138"]
[BlackFideId "22235779"]
[EventDate "2014.08.25"]

1. d4 e6 2. c4 Nf6 3. Nc3 Bb4 4. e3 b6 5. Bd3 Bb7 6. Nf3 O-O 7. O-O d5 8. Bd2
dxc4 9. Bxc4 Nbd7 10. Rc1 a6 11. Qe2 Qe7 12. a3 Bd6 13. e4 e5 14. d5 Nh5 15. g3
b5 16. Ba2 g6 17. Bh6 Ng7 18. Ng5 Nf6 19. Qc2 Ng4 20. Bxg7 Kxg7 21. Nh3 Qd7 22.
Kg2 h6 23. Nd1 f5 24. f3 Nf6 25. exf5 gxf5 26. Ne3 Ng8 27. Bb1 Ne7 28. Rcd1 Rf7
29. Nf2 Kh8 30. Qd2 h5 31. g4 Rg8 32. h3 f4 33. Nc2 Bxd5 34. Nb4 Bxb4 35. Qxb4
hxg4 36. Be4 gxf3+ 37. Kh1 Rg3 38. Rd2 Qe6 39. Qc5 Bxe4 40. Rd8+ Kh7 0-1

[Event "79th ch-ESP 2014"]
[Site "Linares ESP"]
[Date "2014.08.29"]
[Round "5.29"]
[White "Mercado Larrea, Adrian"]
[Black "Lopez Mulet, Inigo"]
[Result "0-1"]
[WhiteElo "2001"]
[BlackElo "2193"]
[WhiteFideId "2245140"]
[BlackFideId "22235620"]
[EventDate "2014.08.25"]

1. d4 Nf6 2. c4 c5 3. d5 b5 4. cxb5 a6 5. bxa6 g6 6. Nc3 d6 7. e4 Bg7 8. Nf3 O-O
9. h3 Qa5 10. Bd2 Bxa6 11. Bxa6 Qxa6 12. Qe2 Nbd7 13. Qxa6 Rxa6 14. O-O Rb8 15.
Bc1 Nb6 16. a3 Nc4 17. Ra2 Nd7 18. Nd2 Nxd2 19. Bxd2 Rb3 20. Nd1 Ne5 21. Bc3 Nd3
22. Bxg7 Kxg7 23. f4 Ra4 24. Nf2 Nxf4 25. Kh2 h5 26. Rc1 Ne2 27. Rc2 Nd4 28. Rd2
Nb5 29. Ra1 Nc7 30. Rc1 f6 31. Re1 Na8 32. Nd1 Nb6 33. Nc3 Ra8 34. Na2 Nc4 35.
Rc2 Rxb2 36. Rxb2 Nxb2 37. Rb1 Nc4 38. Rb7 Kf7 39. Nc3 Rxa3 40. Nb5 Re3 0-1

[Event "79th ch-ESP 2014"]
[Site "Linares ESP"]
[Date "2014.08.29"]
[Round "5.30"]
[White "Saenz Narciso, Miguel Angel"]
[Black "Carruana Fuentes, Rafael"]
[Result "1-0"]
[WhiteElo "2192"]
[BlackElo "2014"]
[WhiteFideId "2251256"]
[BlackFideId "2253542"]
[EventDate "2014.08.25"]

1. e4 e6 2. d4 d5 3. Nc3 Bb4 4. exd5 exd5 5. Bd3 Nc6 6. a3 Bxc3+ 7. bxc3 Nge7 8.
Qf3 Be6 9. Nh3 Qd7 10. Ng5 O-O-O 11. Nxe6 Qxe6+ 12. Be3 g6 13. O-O Nf5 14. Bf4
Rde8 15. Rab1 Rhf8 16. Rb5 Rd8 17. g4 Nfe7 18. Qg3 Qd7 19. Re1 f5 20. g5 b6 21.
Rbb1 Kb7 22. Re2 Nc8 23. Qg2 Rfe8 24. Rbe1 Rxe2 25. Rxe2 Qf7 26. Qf1 Re8 27.
Ba6+ Kb8 28. Bb5 Rxe2 29. Qxe2 Na5 30. Qe5 Kb7 31. Qf6 Qe7 32. Qxe7 Nxe7 33. Bd7
Nc4 34. a4 c6 35. h4 a6 36. Kf1 b5 37. axb5 cxb5 38. Ke2 Kb6 39. Kd1 Na5 40. Bd6
Nac6 41. Kc1 Ng8 42. Kb2 Nge7 43. f4 a5 44. Ka3 Ka6 45. Be6 Kb6 46. Bf7 Kb7 47.
Be8 Kb6 48. Bc5+ Ka6 49. Bd7 Kb7 50. Bxe7 Nxe7 51. Bxb5 Nc8 52. Bd7 Nd6 53. Be6
Kc6 54. Bg8 Nc4+ 55. Ka2 Ne3 56. Bxh7 Ng2 57. Bxg6 Nxh4 58. Bh7 Ng2 59. g6 1-0

[Event "79th ch-ESP 2014"]
[Site "Linares ESP"]
[Date "2014.08.29"]
[Round "5.31"]
[White "Prado Acebo, Ines"]
[Black "Vega Gutierrez, Belinda"]
[Result "1/2-1/2"]
[BlackTitle "WIM"]
[WhiteElo "1992"]
[BlackElo "2169"]
[WhiteFideId "22251235"]
[BlackFideId "2229994"]
[EventDate "2014.08.25"]

1. d4 Nf6 2. c4 g6 3. Nc3 d5 4. cxd5 Nxd5 5. e4 Nxc3 6. bxc3 Bg7 7. Qa4+ Nd7 8.
Nf3 c5 9. Be2 O-O 10. Bg5 Nf6 11. Qc2 cxd4 12. cxd4 Bg4 13. Qd3 Qa5+ 14. Bd2 Qa4
15. Bd1 Qe8 16. O-O Rd8 17. Bc3 Qc6 18. Nd2 Bxd1 19. Rfxd1 Nh5 20. Qe3 f5 21. e5
Nf4 22. Qxf4 Qxc3 23. Nb3 Rd5 24. Rac1 Qb4 25. Qf3 Rfd8 26. Rc8 Kf7 27. g4 e6
28. Rxd8 Rxd8 29. gxf5 gxf5 30. Rc1 Qe7 31. Kf1 Ke8 32. Ra1 Ra8 1/2-1/2

[Event "79th ch-ESP 2014"]
[Site "Linares ESP"]
[Date "2014.08.29"]
[Round "5.32"]
[White "Rodriguez Garcia, Manuel Fco"]
[Black "Domingo Nunez, Ruben"]
[Result "1-0"]
[WhiteElo "2158"]
[BlackElo "1970"]
[WhiteFideId "2218178"]
[BlackFideId "22245570"]
[EventDate "2014.08.25"]

1. d4 Nf6 2. c4 c5 3. d5 b5 4. cxb5 a6 5. bxa6 d6 6. Nc3 Bxa6 7. Nf3 g6 8. g3
Bg7 9. Bg2 O-O 10. O-O Nbd7 11. Rb1 Qa5 12. Bd2 Rfb8 13. Qc2 Ng4 14. b3 Ra7 15.
a4 Rab7 16. h3 Ngf6 17. Rfe1 Ne8 18. Nh2 Nc7 19. Nf1 c4 20. b4 Rxb4 21. Na2 Qxa4
22. Nxb4 Rxb4 23. Qe4 Rxb1 24. Rxb1 Kf8 25. Bg5 f6 26. Be3 Qa2 27. Bd4 f5 28.
Bxg7+ Ke8 29. Qh4 Qxb1 30. Qxh7 Kd8 31. Qxg6 Nb5 32. Qh6 Qe1 33. Qd2 Qxd2 34.
Nxd2 c3 35. Nb3 Ne5 36. f4 c2 37. fxe5 Nd4 38. Nc1 f4 39. exd6 Nf5 40. dxe7+
Kxe7 41. Be5 fxg3 42. Be4 Ne3 43. Bf4 Nd1 44. Bxc2 Nf2 45. d6+ Kd8 46. Bf5 Bb5
47. Bxg3 Nd1 48. e4 Ne3 49. Kf2 Nxf5 50. exf5 Bd7 51. f6 Ke8 52. h4 Kf7 53. Be5
Be8 54. Ke3 Ke6 55. Kf4 Bb5 56. Nb3 Kf7 57. Nc5 Ke8 58. h5 1-0

[Event "79th ch-ESP 2014"]
[Site "Linares ESP"]
[Date "2014.08.30"]
[Round "6.1"]
[White "Korneev, Oleg"]
[Black "Vallejo Pons, Francisco"]
[Result "1/2-1/2"]
[WhiteTitle "GM"]
[BlackTitle "GM"]
[WhiteElo "2590"]
[BlackElo "2698"]
[WhiteFideId "4156803"]
[BlackFideId "2205530"]
[EventDate "2014.08.25"]

1. e4 c5 2. c3 d5 3. exd5 Qxd5 4. d4 Nf6 5. Nf3 Bg4 6. Be2 e6 7. O-O cxd4 8.
cxd4 Nc6 9. Nc3 Qd6 10. Bg5 Be7 11. Bxf6 Bxf6 12. Ne4 Qf4 13. Nxf6+ Qxf6 14. Ne5
Bxe2 15. Qxe2 Nxd4 16. Qe4 Rd8 17. Rad1 Rd5 18. Rxd4 Qxe5 19. Qxe5 Rxe5 20. Rc1
O-O 21. Rd7 Ra5 22. a3 Rb5 23. b4 a5 24. Rc5 Rxc5 25. bxc5 Rb8 26. Kf1 Kf8 27.
Rc7 b5 28. cxb6 Rxb6 29. Rc5 a4 30. Ra5 Rb1+ 31. Ke2 Rb2+ 32. Kf1 Rb1+ 33. Ke2
Rb2+ 34. Kf1 Rb1+ 1/2-1/2